Biggest European Cities that start with R on a Map - Statistics

General Stats
  • This quiz has been taken 808 times
  • The average score is 7 of 11
Answers on the Map
Answers color-coded by a green-red scale on the quiz's map according to % correct below.
 
Answer Stats
Population City % Correct
2,783,809 Rome
100%
652,541 Rotterdam
99%
627,847 Riga
98%
232,280 Reykjavik
88%
1,137,704 Rostov-on-Don
81%
217,728 Rennes
74%
209,191 Rostock
63%
229,482 Reading
57%
534,801 Ryazan
37%
209,296 Radom
25%
247,003 Rivne
23%
No matching quizzes found
Score Distribution
Percent of People with Each Score
Percentile by Number Answered
Your Score History
You have not taken this quiz